=LDR 00000nam 2200000 4500 =001 INLIS000000000047047 =005 20150703150233.0 =006 =007 =008 =035 ##$$0010-071500000000017 =082 ##$$a 359.32 =090 ##$$a 359.32 obe k.2 =100 ##$$ajeff tall obe rn =245 ##$$a kapal selam =260 ##$$a elek media komputindo =300 ##$$a hln.32 =850 ##$$a NPBMAT =990 ##$$a 2090100936/BPAP-NTB/2015 =990 ##$$a 2090100937/BPAP-NTB/2015